00612nam a22001817a 450000500170000001000150001702000260003202000230005803500130008103700130009408200120010710000140011924501120013326000390024527000600028430000290034449000570037320160920143848.0 aENG-116017 a9789352603282c350.00 a9352603281c350.00 aEN-99549 bDBAD/PUB a621.381 aGateforum aGATE test series and previous year solved papers electronics and communication engineering /bby Gateforum aNoidabMcGraw Hill Educationc2017 aB-4, Sector-63, Dist. Gautam Budh Nagar bNoidae201301 a440p :c24 cm (pbk)bill aA division of thinkcell GATEORUM engineering success